| 000 | 00646 a2200169 4500 | ||
|---|---|---|---|
| 005 | 20260107104151.0 | ||
| 008 | 251110b |||||||| |||| 00| 0 eng d | ||
| 020 | _a9789391841195 | ||
| 080 |
_a335.5=M _bVEN/M |
||
| 100 | _aVenu, K | ||
| 245 | _aMarxism: utbhavavum vikasavum parajayavum (മാർക്സിസം ഉത്ഭവവും വികാസവും പരാജയവും) | ||
| 260 |
_bPrism books _aBengaluru _c2023 |
||
| 300 | _a243p. | ||
| 653 | _aMarxism - Political ideology - Socialism - Communism - Malayalam language | ||
| 653 | _aDevelopment of Marxism - Downfall of Marxism - History of Marxism | ||
| 942 | _cBK | ||
| 999 |
_c114735 _d114734 |
||